000 00375nam a2200145Ia 4500
008 230917s9999||||xx |||||||||||||| ||und||
040 _e103474
_aMAIN
041 _aEnglish
082 _a320.954 M721B
100 _aModi, Mahavir Prasad
245 0 _aBharatiya rajniti ki pravritiyan
260 _aJaipur
_bCollege Book Depot
_c2002
300 _aiii,120p p.
942 _cBK
999 _c118517
_d118517